000 00934nam a2200265Ia 4500
003 OSt
005 20221005103921.0
006 a|||||r|||| 00| 0
007 ta
008 221004b |||||||| |||| 00| 0 hin d
020 _a8170168228 (hbk)
_c100
024 _a107056
037 _b12953, 18/03/2011, Kitab Ghar
_cTextual
040 _aCRL
_cCRL
_bhin
041 _2hin
_ahin
082 _aQ4:33wC56, 152P7
100 _aश्रवण कुमार
245 0 _aदिव्य पुरूष महात्मा गौतम बुद्ध
246 _aDivya purūṣh mahātmā gautam buddha
260 _aदिल्ली
_bकिताबघर भारत
_c2007
300 _a120पृ0
_ccm.
650 _aधर्मशास्त्र
942 _hQ4:33wC56, 152P7
_cTEXL
_2cc
999 _c1011270
_d1011270